| 000 | 01565nam a22003857a 4500 | ||
|---|---|---|---|
| 003 | CHAP | ||
| 005 | 20220817044100.0 | ||
| 008 | 060301d2005 mx r 00110 spa d | ||
| 010 | _a91790 | ||
| 011 | _a92762 | ||
| 020 | _a9701346386 | ||
| 035 | _a103328 | ||
| 040 | _cCHAP | ||
| 082 | 0 | 4 |
_a331.7 _bI55 |
| 110 | 0 |
_aInstituto Nacional de Estadística, Geografía e Informática. México _959304 |
|
| 245 | 1 | 0 |
_aEncuesta nacional de ocupaciones y empleo 2005- _c/por Instituto Nacional de Estadística, Geografía e Informática |
| 260 |
_aAguascalientes, Ags. _bInstituto Nacional de Estadística, Geografía e Informática _c2005-. |
||
| 300 |
_av . : _btablas |
||
| 500 | _aLa biblioteca tiene : 2005, 2006, 2008, 2009, 2010 | ||
| 590 |
_aBATCH-UPD _b10 _c20130110 _lUCH01 _h1156 |
||
| 590 |
_aBATCH-UPD _b10 _c20130410 _lUCH01 _h0740 |
||
| 590 |
_aBATCH-UPD _b10 _c20130914 _lUCH01 _h1210 |
||
| 590 |
_aCONVERSION _b10 _c20130109 _lUCH01 _h1351 |
||
| 650 | 1 | 4 |
_aDivisión del trabajo. _933031 |
| 650 | 1 | 4 |
_aEmpleo _zMéxico. _936587 |
| 650 | 1 | 4 | _aTrabajo y trabajadores. |
| 901 | _aBK | ||
| 905 | _aLilia | ||
| 942 | _cLIBRO | ||
| 949 |
_a331.7 I55 _bBC _cINEGI _d33724000980868 _eINEGI _f2005 _h107859 _i103328 _sb |
||
| 949 |
_a331.7 I55 _bBC _cINEGI _d33724002029728 _eINEGI _f2006 _h108603 _i103328 _sb |
||
| 949 |
_a331.7 I55 _bBC _cINEGI _d33724002096538 _eINEGI _f2008 _h111931 _i103328 _sb |
||
| 949 |
_a331.7 I55 _bBC _cINEGI _d33724002218611 _eINEGI _f2009 _h113505 _i103328 _sb |
||
| 949 |
_a331.7 I55 _bBC _cINEGI _d33724002257446 _eINEGI _f2010 _gDonaciØn _h114539 _i103328 _sb |
||
| 999 |
_c91790 _d91790 |
||